Quiz Tournoi des 6 nations 2022. - Statistiques

Statistiques générales
  • Ce quiz a été pris 183 fois
  • Le résultat moyen est 7 sur 10
Statistiques - réponses
Question Réponse % Correct
Pour la combientième fois cette équipe remporte-t-elle le Grand Chelem? (5 victoires en 5 matches) 10
100%
Qui a remporté le tournoi cette année? France
100%
Durant quel match y a-t-il eu le plus grand écart au score? (51 points) Irlande vs Italie
100%
Qui l'a fini à la dernière place? Italie
100%
Contre quelle équipe l'Italie a-t-elle remporté sa première victoire dans le Tournoi depuis 2015? Pays de Galles
100%
Pour la combientième fois cette équipe remporte-t-elle le Tournoi? 26
50%
Qui a été élu meilleur joueur du Tournoi 2022? Antoine Dupont (FRA)
50%
Quel joueur n'est pas meilleur marqueur d'essais ? (3 essais) Gaël Fickou (FRA)
50%
Quel est le meilleur plaqueur de l'édition? (86 plaquages) Michele Lamaro (ITA)
50%
Quel joueur a marqué le plus de points? (71 points) Marcus Smith (ANG)
0%
Aucun quiz correspondant
Distribution des résultats
% des personnes avec chaque résultat
Percentile par nombre de réponses
Votre historique - résultats
Vous n’avez pas pris ce quiz